Магията на дъгата (Запис номер 498789)
[ съкратено ]
| 000 -Лидер | |
|---|---|
| Контролно поле с фиксирана дължина | 01336nam a2200313 c 4500 |
| 003 - Код на организацията, давaща контролен номер | |
| Контролно поле | BLK |
| 005 - Дата и час на последна редакция | |
| Контролно поле | 20250721175846.0 |
| 008 - Елементи от данни с фиксирана дължина | |
| fixed length control field | 180408b bul|||||r ||||||| ||bul|| |
| 020 ## - Международен стандартен номер на книга ISBN | |
| Международен стандартен номер на книга ISBN | 9786192440749 |
| 040 ## - Източник на каталожния запис | |
| Идентификатор на билиотеката - собственик на записа | BLK |
| 041 ## - Код за език | |
| Код за езика на текст/звукозапис или на отделно заглавие | Български |
| Код за езика КДБФ | Български |
| 080 ## - УДК | |
| Текстов определител УДК | Английска литература |
| УДК код - определител по УДК | 821.111 |
| УДК определител | -93-34 |
| УДК - код + определител | 821.111-93-34 |
| 100 1# - Редна дума - Автор | |
| Автор | Барбър, Шърли |
| Авторска отговорност | първи автор |
| R(LIN) | 367236 |
| 139 ## - Редно поле | |
| Редна дума | Барбър, Шърли |
| Авторски знак | Бар - Б 26 |
| 245 10 - Сведения за заглавието | |
| Заглавие | Магията на дъгата |
| Редно поле (дума) | Шърли Барбър ; ил. Шърли Барбър ; прев. Стефан Недков |
| 257 ## - Страна на издаване | |
| Страна на създаване/издаване | Великобритания |
| 260 ## - Област на издателските данни | |
| Име на издателя, разпространителя и проч. | Бук травъл |
| Година на издаване | 2023 |
| 9 (RLIN) | 443725 |
| Място на издаване, разпространение и проч. | София |
| Издателство - префикс ISBN | 978-954-761- ; 954-8485- |
| 300 ## - Физическа характеристика | |
| Страници | 32 с. |
| Илюстрации и др. | цв. ил. |
| Размери/Мащаб | 30 см |
| 380 ## - Жанр | |
| Жанр | Детска худож. лит. |
| 490 ## - СЕРИИ (Колекции) | |
| 9 (RLIN) | 496483 |
| Име на серия | Светулка |
| 500 ## - Общи забележки | |
| Забележка | Ориг. Загл.: Rainbow magic / Shirley Barber |
| 700 1# - Други автори (авторска отговорност) | |
| Лично име | Барбър, Шърли |
| Автороска отговорност (Описва отношението между автора и произведението) | ил. |
| 9 (RLIN) | 367236 |
| 700 ## - Други автори (авторска отговорност) | |
| Лично име | Недков, Стефан Недков |
| Дати, свързани с автора | 1956 - |
| Друга информация | Инженер (компютърни технологии). Преводач от английски и руски език. |
| Автороска отговорност (Описва отношението между автора и произведението) | прев. |
| 9 (RLIN) | 401250 |
| 852 ## - Местоположение | |
| Форматна сигнатура | Цб ІІ 33491 |
| Фондова буква | Хранилище |
| 852 ## - Местоположение | |
| Фондова буква | Детски отдел |
| Систематично-азбучна сигнатура | 821-93/Б 26 Ш |
| 942 ## - АРТИКУЛИ | |
| Вид на библиотечния материал | Книги |
| Скрит в OPAC | Не |
| Периодичен библиозапис | Не |
| Koha issues (borrowed), all copies | 7 |
| 944 ## - СЪЗДАВАНЕ И РЕДАКЦИЯ на ЗАПИСА | |
| Дата на регистрацията/редакция | 2024 |
| Служител, извършил регистрацията/редакцията | 30564 |
| Статус, дата на статуса | Анна Гръцманова |
| 944 ## - СЪЗДАВАНЕ И РЕДАКЦИЯ на ЗАПИСА | |
| Дата на регистрацията/редакция | 2025-01-16 |
| Служител, извършил регистрацията/редакцията | М.Я. |
| Създаване/Редакция | Редакция |
| 999 ## - СИСТЕМНИ КОНТРОЛНИ НОМЕРА | |
| Koha biblionumber | 498789 |
| Koha biblioitemnumber | 498789 |
| Код за отписване | Код за изгубен артикул | Източник на класификационната схема | Код за повреда | Код за отдаване | Артикулен № | Име на библиотеката - собственик | Име на библиотеката, в която се намира в момента | Статус (Текущо местоположение) | Дата на вписване в системата | Местоположение - отдел | Цена в лева | Инвентарен номер | Систематично азбучна сигнатура | Баркод | Цена в евро | Служебен тип на артикула | Коз за рестрикции |
|---|---|---|---|---|---|---|---|---|---|---|---|---|---|---|---|---|---|
| Не е изгубен | Universal Decimal Classification | Не е повреден | заемане за дома | 937060 | Регионална библиотека "Любен Каравелов" Русе | Регионална библиотека "Любен Каравелов" Русе | Детски отдел | 2023-12-07 | Детски отдел | 10.43 | 120000896138 | 821-93/Б 26 Ш | 120000896138 | 5.33 | Книги | ||
| Не е изгубен | Universal Decimal Classification | Не е повреден | заемане за дома | 937061 | Регионална библиотека "Любен Каравелов" Русе | Регионална библиотека "Любен Каравелов" Русе | Детски отдел | 2023-12-07 | Детски отдел | 10.43 | 120000896137 | 821-93/Б 26 Ш | 120000896137 | 5.33 | Книги | ||
| Не е изгубен | Universal Decimal Classification | Не е повреден | ползва се в читалня | 957105 | Регионална библиотека "Любен Каравелов" Русе | Регионална библиотека "Любен Каравелов" Русе | Хранилище | 2025-01-03 | Хранилище | 14.90 | 120000915921 | Цб ІІ 33491 | 120000915921 | 7.62 | Книги | само за читалня | |
| Не е изгубен | Universal Decimal Classification | Не е повреден | заемане за дома | 958570 | Регионална библиотека "Любен Каравелов" Русе | Регионална библиотека "Любен Каравелов" Русе | Детски отдел | 2025-01-17 | Детски отдел | 10.43 | 120000917089 | 821-93/Б 26 Ш | 120000917089 | 5.33 | Книги |